Marcatori della Roma in UEFA Europa League 2022-2023 - Statistics

Statistiche generali
  • Questo quiz è stato fatto 28 volte
  • Il punteggio medio è 15 su 20
Statistiche sulle risposte
Partita Minuto Marcatore % Corretto
Roma - HJK 3-0 47' Paulo Dybala
100%
Roma - Betis 1-2 34' Paulo Dybala
100%
Roma - Salisburgo 2-0 40' Paulo Dybala
100%
Roma - HJK 3-0 49' Lorenzo Pellegrini
96%
Roma - Ludogorec 3-1 56' Lorenzo Pellegrini
96%
Roma - Ludogorec 3-1 65' Lorenzo Pellegrini
96%
Roma - Feyenoord 4-1 (d.t.s.) 109' Lorenzo Pellegrini
96%
HJK - Roma 1-2 41' Tammy Abraham
96%
Roma - Feyenoord 4-1 (d.t.s.) 101' Stephan El Shaarawy
92%
Roma - HJK 3-0 68' Andrea Belotti
79%
Betis - Roma 1-1 53' Andrea Belotti
79%
Roma - Salisburgo 2-0 33' Andrea Belotti
79%
Roma - Ludogorec 3-1 85' Nicolò Zaniolo
79%
Roma - Bayer Leverkusen 1-0 63' Edoardo Bove
75%
Ludogorec - Roma 2-1 86' Eldor Shomurodov
75%
Roma - Feyenoord 4-1 (d.t.s.) 89' Paulo Dybala
46%
Siviglia - Roma 5-2 (d.c.r.) 35' Paulo Dybala
46%
Roma - Real Sociedad 2-0 87' Marash Kumbulla
42%
Roma - Feyenoord 4-1 (d.t.s.) 60' Leonardo Spinazzola
38%
Roma - Real Sociedad 2-0 13' Stephan El Shaarawy
38%
Nessun quiz corrispondente trovato
Distribuzione punteggi
Percentuale di utenti per punteggio
Percentile per numero di risposta
I tuoi punteggi nel tempo
Non hai fatto questo quiz